[Event "Poznan op 27th"]
[Site "Poznan"]
[Date "2019.08.19"]
[Round "3"]
[White "Nawrowski, Artur"]
[Black "Purczynski, Andrzej"]
[Result "1/2-1/2"]
[WhiteElo "1039"]
[BlackElo "1248"]
[PlyCount "93"]
[EventDate "2019.08.18"]
[EventType "swiss"]
[EventRounds "9"]
[EventCountry "POL"]
[SourceTitle "EXT 2020"]
[Source "ChessBase"]
[SourceDate "2019.10.17"]
[SourceVersion "1"]
[SourceVersionDate "2019.10.17"]
[SourceQuality "1"]

1. d4 Nf6 2. c4 g6 3. Nc3 d5 4. Nf3 Bg7 5. Bf4 0-0 6. e3 a6 7. Be2 Nc6 8. 0-0 Bf5 9. Re1 Bg4 10. h3 Bxf3 11. Bxf3 e6 12. Qb3 Na5 13. Qb4 b6 14. c5 Re8 15. cxb6 cxb6 16. Na4 b5 17. Nc5 Bf8 18. Qd2 Bxc5 19. dxc5 Rc8 20. Qd4 Nd7 21. Bh6 e5 22. Qg4 f5 23. Bxd5+ Kh8 24. Qd1 Nb8 25. Rc1 Nac6 26. Qb3 Qh4 27. Bf7 Re7 28. Be6 Rd8 29. Rcd1 Qxh6 30. Rxd8+ Nxd8 31. Rd1 Qf8 32. Rd6 Nxe6 33. Rxe6 Kg7 34. Qd5 Kh6 35. Qxe5 Rxe6 36. Qxe6 Qd8 37. Qe5 Nc6 38. Qf4+ Kg7 39. b4 Qd5 40. Qc7+ Kh6 41. Qf4+ g5 42. Qg3 Qe5 43. f4 Qf6 44. fxg5+ Qxg5 45. Qd6+ Kh5 46. Qxc6 Qxe3+ 47. Kh2 1/2-1/2

[Event "Poznan op 26th"]
[Site "Poznan"]
[Date "2018.08.23"]
[Round "6"]
[White "Kaluzny, Stanislaw"]
[Black "Nawrowski, Artur"]
[Result "1-0"]
[WhiteElo "1321"]
[BlackElo "1024"]
[PlyCount "53"]
[EventDate "2018.08.19"]
[EventType "swiss"]
[EventRounds "9"]
[EventCountry "POR"]
[SourceTitle "CBM 186 Extra"]
[Source "ChessBase"]
[SourceDate "2018.08.24"]
[SourceVersion "1"]
[SourceVersionDate "2018.08.24"]
[SourceQuality "1"]

1. e4 c5 2. Nf3 g6 3. d4 cxd4 4. Nxd4 Nc6 5. c4 Bg7 6. Be3 Nf6 7. Nc3 0-0 8. Be2 d6 9. 0-0 Bd7 10. f4 Re8 11. Qe1 Ng4 12. Nxc6 bxc6 13. Qg3 Nxe3 14. Qxe3 c5 15. Rad1 Bd4 16. Rxd4 cxd4 17. Qxd4 Qb6 18. c5 Qxc5 19. Qxc5 dxc5 20. f5 f6 21. Nd5 Rac8 22. Bc4 Kg7 23. g4 e6 24. Nxf6 Kxf6 25. fxe6+ Ke7 26. Rf7+ Kd8 27. Rxd7# 1-0

[Event "Poznan op 26th"]
[Site "Poznan"]
[Date "2018.08.19"]
[Round "1"]
[White "Pawlowski, Rafal"]
[Black "Nawrowski, Artur"]
[Result "1-0"]
[WhiteElo "1791"]
[BlackElo "1024"]
[PlyCount "41"]
[EventDate "2018.08.19"]
[EventType "swiss"]
[EventRounds "9"]
[EventCountry "POR"]
[SourceTitle "CBM 186 Extra"]
[Source "ChessBase"]
[SourceDate "2018.08.24"]
[SourceVersion "1"]
[SourceVersionDate "2018.08.24"]
[SourceQuality "1"]

1. d4 d6 2. Nf3 Nf6 3. c4 g6 4. Nc3 Bg7 5. e4 Nc6 6. d5 Ne5 7. Nxe5 dxe5 8. Be2 0-0 9. h4 Bd7 10. h5 e6 11. Be3 exd5 12. cxd5 c6 13. Qd2 Bg4 14. hxg6 fxg6 15. f3 Bd7 16. Bc4 b5 17. Bb3 cxd5 18. Nxd5 Kh8 19. Bh6 Nxd5 20. Bxg7+ Kxg7 21. Qh6+ 1-0

[Event "Poznan op 25th"]
[Site "Poznan"]
[Date "2017.08.27"]
[Round "9"]
[White "Nawrowski, Artur"]
[Black "Kabzinski, Jan"]
[Result "0-1"]
[WhiteElo "1024"]
[BlackElo "1433"]
[PlyCount "56"]
[EventDate "2017.08.20"]
[EventType "swiss"]
[EventRounds "9"]
[EventCountry "POL"]
[SourceTitle "CBM 180 Extra"]
[Source "ChessBase"]
[SourceDate "2017.10.06"]
[SourceVersion "1"]
[SourceVersionDate "2017.10.06"]
[SourceQuality "1"]

1. d4 f5 2. Nf3 Nf6 3. c4 g6 4. Nc3 d6 5. Bg5 Bg7 6. e3 0-0 7. Qb3 c5 8. Be2 Nbd7 9. dxc5 Nxc5 10. Qc2 Nfe4 11. Nxe4 Nxe4 12. Rd1 h6 13. Bh4 g5 14. Bg3 Qb6 15. 0-0 h5 16. h3 Nxg3 17. c5 Nxe2+ 18. Qxe2 dxc5 19. Nxg5 Qg6 20. Qc4+ Kh8 21. h4 b6 22. Qd5 Ba6 23. Rfe1 Rab8 24. Qd7 Bf6 25. Qe6 Bc8 26. Qc6 Rg8 27. Ne6 Bxe6 28. Qxe6 Qxg2# 0-1